| 000 -ლიდერი |
| ფიქსირებული სიგრძის საკონტროლო ველი |
00920nam a22001817a 4500 |
| 003 - საკონტროლო ნომრის იდენტიფიკატორი |
| საკონტროლო ველი |
Ge_BSU |
| 005 - ბოლო ოპერაციის თარიღი და დრო |
| საკონტროლო ველი |
20230202112516.0 |
| 008 - ფიქსირებული სიგრძის მონაცემთა ელემენტები - ზოგადი ინფორმაცია |
| ფიქსირებული სიგრძის საკონტროლო ველი |
230202s ge ||||| |||| 00| 0 geo d |
| 041 ## - ენის კოდი |
| Language code of text/sound track or separate title |
geo |
| 080 ## - უნივერსალური ათობითი კლასიფიკაციის ინდექსი |
| Universal Decimal Classification number |
342.7(479.22) + 341.231.14(094.1) ა-26 |
| 245 ## - ცნობა სათაურის შესახებ |
| Title |
ადამიანის ძირითადი უფლებანი და თავისუფლებანი : |
| Remainder of title |
საკანონმდებლო აქტების კრებული / |
| Statement of responsibility, etc |
[შემდგ.: პაატა ცნობილაძე]. |
| 264 ## - წარმოების, გამოცემის, დისტრიბუციის და სხვა ცნობები |
| გამოცემის, წარმოების, დისტრიბუციის... ადგილი |
თბილისი, |
| გამოცემის, წარმოების, დისტრიბუციის... თარიღი |
2000. |
| 300 ## - ფიზიკური აღწერა |
| Extent |
260 გვ. ; |
| Other physical details |
21 სმ. |
| 653 ## - INDEX TERM--UNCONTROLLED |
| Uncontrolled term |
ადამიანის ძირითადი უფლებები |
| 653 ## - INDEX TERM--UNCONTROLLED |
| Uncontrolled term |
ადამიანის თავისუფლებები |
| 700 ## - ADDED ENTRY--PERSONAL NAME |
| Personal name |
ცნობილაძე, პაატა |
| Relator term |
შემდგენელი |
| 9 (RLIN) |
8149 |
| 942 ## - ADDED ENTRY ELEMENTS (KOHA) |
| Source of classification or shelving scheme |
|
| Koha item type |
წიგნი |